00513nam a2200193 a 4500001001300000003000900013005001700022008004100039020001100080082001900091100002600110245002500136260004800161300000900209500003500218505001700253650002300270700002600293nice12345678IN_TiNIC20260116011909.0050524s1968 dela grp 000 0 eng  ac6.7500a297.1227bMAU2 aMaudoodi, S Abul Aala aMeaning of the Quran aDelhibMarkazi Maktaba Jamat-E-Islamic1968 a205p aincludes index and biblioraphy2 aBibliography aQuran-Hermeneutics1 aMaudoodi, S Abul Aala